Αποθηκεύτηκε σε:
Λεπτομέρειες βιβλιογραφικής εγγραφής
Μορφή: Κείμενο
Έκδοση: México, D.F
Θέματα:
Ετικέτες: Προσθήκη ετικέτας
Δεν υπάρχουν, Καταχωρήστε ετικέτα πρώτοι!

MARC

LEADER 00000 a a2200000 04500
001 26577
003
040
090 |a 149008  
260 |a México, D.F  
650 |a SISTEMA SOCIAL  
650 |a TEORIA SOCIAL  
650 |a SOCIOLOGIA  
999 |c 16700  |d 16700